00532nam a2200193 a 4500001001300000003000900013005001700022008004100039020001000080082001900090100001700109245007100126260004500197300000900242500003500251505001000286650002500296700001700321nice12345678IN_TiNIC20260116011615.0050524s1964 lona grp 000 0 eng  ac10000a909.04927bARB aArberry, A J aAspects of Islamic Civilizations-As Depicted in the Original Texts aLondonbGeorge Allen and Unwin Ltdc1964 a408p aincludes index and biblioraphy2 aIndex aCivilization-Islamic1 aArberry, A J